| 000 | 01075 a2200313 4500 | ||
|---|---|---|---|
| 999 |
_c69380 _d28398 |
||
| 001 | 69380 | ||
| 003 | TR-AnTOB | ||
| 005 | 20240814073632.0 | ||
| 008 | 031210s1990 tu tur | ||
| 035 | _a69380 | ||
| 040 |
_aTR-AnTOB _cTR-AnTOB |
||
| 041 | _atur | ||
| 050 |
_aHC241.25.T9 _bT87 1990 |
||
| 090 | _aHC241.25 .T9 T87 1990 | ||
| 245 | 0 |
_aTürkiye-Avrupa Topluluğu bibliyografyası, 1957-1990 = _bTurkey-European Community bibliography, 1957-1990 |
|
| 264 | 1 |
_aAnkara : _bT.C.Başbakanlık Devlet Arşivleri Genel Müdürlüğü, _c1990 |
|
| 300 |
_aXLVII ; _c837 s. |
||
| 490 | 0 | _aT.C.Başbakanlık Devlet Arşivleri Genel Müdürlüğü Dokümantasyon Dairesi Başbakanlığı yayın no : 2 | |
| 500 | _aDizin var. | ||
| 610 | 2 | 0 |
_aEuropean Union _zTurkey _vBibliography _943414 |
| 610 | 2 |
_aAvrupa Birliği _zTürkiye _vBibliyografya _943415 |
|
| 651 | 0 |
_aTurkey _xPolitics and government _955303 |
|
| 651 | 7 |
_aTürkiye _xSiyaset ve yönetim _2 _9120128 |
|
| 902 | _a0023781 | ||
| 903 | _aMerkez Kütüphane | ||
| 942 |
_cBK _2lcc |
||
| 945 | _aMÇ, 14.05.2008 | ||